000 00823nam a2200277 4500
001 27288
003 BD-RjUL
005 20211209051133.0
008 140324s1970 le b 000 0 eng
035 _a(BD-RjUL)27360
040 _aDLC
_beng
_cDLC
_dDLC
_dBD-RjUL
041 _aeng
082 0 0 _a956.94405
_bALJ 1970
100 1 _aAl-Khatib, Rouhi.
_983768
245 1 4 _aThe Judaization of Jerusalem /
_cRouhi Al-Khatib.
260 _aBeirut, Lebanon, :
_bP.L.O. Research Center,
_c1970.
300 _a70 p. :
_bmaps. ;
_c19 cm.
490 1 _aPalestine essays ;
_vno. 19
650 0 _aArab-Israeli conflict
_y1967-1973.
_983769
651 0 _aJerusalem
_xHistory.
_983770
830 0 _vno. 19.
_983773
830 0 _aPalestine essays ; no. 19
_983774
942 _2ddc
_cBK
999 _c27288
_d27288